| 000 | 00614nam a22002537a 4500 | ||
|---|---|---|---|
| 003 | UA-OsUOA | ||
| 001 | 28305 | ||
| 007 | ta | ||
| 008 | 20050315b un ||||| |||| 00| 0 ukr d | ||
| 100 | _aСемиряга М. И. | ||
| 090 |
_a94(477).09 _bС30 |
||
| 942 | _cBK | ||
| 040 |
_aUA-OsUOA _brus _cUA-OsUOA _dUA-OsUOA |
||
| 245 | _aТайны сталинской дипломатии 1939-1941 | ||
| 300 | _a302 с. | ||
| 955 | _a0 | ||
| 041 | _arus | ||
| 080 | _a94(477).09 | ||
| 020 | _a5-06-002525-Х | ||
| 260 |
_bВысшая школа _c1992 |
||
| 044 | _aRU | ||
| 650 | 7 | _2UDC | |
| 999 |
_c314670 _d314670 |
||